Mysterium conjunctionis: études sur la séparation et la réunion des opposés psychiques dans l'alchimie

Enregistré dans:
Détails bibliographiques
Auteur principal: Jung, Carl Gustav (autor)
Format: Livre
Langue:français
Publié: París Albin Michel 1971
Sujets:
Tags: Ajouter un tag
Pas de tags, Soyez le premier à ajouter un tag!

MARC

LEADER 00000nam a2200000 a 4500
001 UCS1476
003 CL-VaPUC
008 970509e19710000FR |||||||||||||||||fre|d
082 0 4 |a 135  |b JUN  |2 21 
100 |a Jung, Carl Gustav  |e autor  |9 311444 
245 1 0 |a Mysterium conjunctionis: études sur la séparation et la réunion des opposés psychiques dans l'alchimie 
300 |a v 
942 |c BK 
945 |d 19970509 00:00:00  |a amoreno 
260 |a París  |b Albin Michel  |c 1971 
650 0 |a Alquimia  |9 265879 
650 7 |a MISTERIOS  |2 CL-VaPUC  |9 385969 
650 7 |a SOL  |2 CL-VaPUC  |9 385970 
650 0 |a Luna  |9 256546 
650 7 |a PARADOJAS  |2 CL-VaPUC  |9 385971 
650 7 |a CONJUNCION  |2 CL-VaPUC  |9 385972 
583 |a last modification  |c 19970509 00:00:00  |k Rodrigo Vera 
999 |c 259554  |d 259552 
952 |0 0  |1 0  |4 0  |6 135_000000000000000_JUN_1971  |7 0  |8 A  |9 284446  |a BIBART  |b BIBART  |d 2019-11-19  |h v.1  |i 3303500  |o 135 JUN 1971  |p 3303500  |r 2025-03-13  |w 2019-11-19  |y BK  |k ART 
952 |0 0  |1 0  |4 0  |6 135_000000000000000_JUN_1971  |7 0  |8 A  |9 284447  |a BIBART  |b BIBART  |d 2019-11-19  |h v.2  |i 3303519  |o 135 JUN 1971  |p 3303519  |r 2025-03-13  |w 2019-11-19  |y BK  |k ART